[Event "It (open) \"]
[Site "masterchessopen.com Philadelphia (USA)"]
[Round "1"]
[White "Kudrin Sergey (USA)"]
[Black "Basque Roland J (CAN)"]
[Result "1-0"]
[WhiteElo "2528"]
[BlackElo "2010"]

{ } 1.e4 { 1 } 1...c5 2.Nf3 d6 3.d4 cxd4 4.Nxd4 Nf6 5.Nc3 Nc6 6.Bg5 Bd7 7.Qd2
Rc8 { ?/= } 8.Bxf6 ( 8.O-O-O Nxd4 9.Qxd4 Qa5 10.f4 Rxc3 11.bxc3 e5 12.Qb4 Qxb4
13.cxb4 Nxe4 14.Rd5 h6 15.Bh4 g5 16.fxg5 hxg5 17.Be1 Be7 18.Ra5 a6 19.b5 Bd8
20.bxa6 Bxa5 21.a7 Ke7 22.Bxa5 Bc6 23.Bb6 Nc5 24.h4 Nd7 25.Bc7 gxh4 26.Rxh4
Ra8 27.Rh6 f6 { ...1-0, Volokitin Andrei 2565 - Motylev Alexander 2640 ,
Bermuda 2003 It (cat.15) } ) ( 8.f4 h6 9.Bxf6 gxf6 10.Nf5 Qa5 11.Bd3 Nb4
12.O-O Nxd3 13.Qxd3 Qc5+ 14.Kh1 e6 15.Ne3 h5 16.Rad1 Be7 17.f5 Kd8 18.Rf3 b5
19.Ne2 Qe5 20.Nd4 a6 21.Rg3 Bf8 22.c3 Rc7 23.Rf1 Bc8 24.Nf3 Qc5 25.Nh4 Be7
26.fxe6 fxe6 27.Rg7 Bb7 { ...1-0, Ivanchuk Vassily 2735 - Salov Valery 2665 ,
Reykjavik 1991 Cup World (cat.16) } ) ( 8.Nb3 h6 9.Bxf6 gxf6 10.Bd3 Bg7 11.O-O
h5 12.Kh1 h4 13.h3 a6 14.Nd5 e6 15.Ne3 Qc7 16.f4 Ne7 17.Qe2 Ng6 18.Ng4 Kf8
19.c3 d5 20.f5 Nf4 21.Rxf4 Qxf4 22.Rf1 Qg5 23.Nd4 exf5 24.exf5 Re8 25.Qd1 Kg8
26.Bc2 Bc6 27.b4 Re7 { ...1-0, Bologan Viktor 2630 - Milov Vadim 2592 , Moscow
2003 It (open) "Aeroflot" } ) 8...gxf6 9.Nf5 ( 9.O-O-O Nxd4 10.Qxd4 Qa5 11.f4
h5 12.Kb1 Qc5 13.Qd2 Bg7 14.Be2 Bc6 15.Nd5 Bxd5 16.exd5 f5 17.c3 Qb6 18.Rc1
Rc5 19.Rhe1 Kd7 20.Bd1 Rh6 21.Qe3 e5 22.Qh3 Ke7 23.Qxf5 Rb5 24.Re2 Rf6 25.Qe4
Kf8 26.g3 Rh6 27.Bb3 a5 28.Rf1 Rf6 { ...1-0, Bauer Christian 2525 - Fontaine
Robert 2395 , Narbonne 1997 Ch France } ) 9...Qa5 ( 9...Ne5 10.f4 Nc4 11.Bxc4
Rxc4 12.Ne3 Rc8 13.O-O-O Qa5 14.Kb1 Qc5 15.Qe2 e6 16.Rhe1 b5 17.e5 f5 18.Nxf5
exf5 19.exd6+ Kd8 20.Rd5 Qc6 21.Qe5 Be6 22.Qxh8 Kd7 23.Rxe6 fxe6 24.Qxh7+ Kd8
25.d7 { 1-0, Petronic Jovan 2460 - Nestorovic Dejan 2370 , Tivat 1995 It
(open) } ) 10.Bd3 { } ( 10.Bb5 a6 11.Bxc6 Rxc6 12.O-O-O e6 13.Nd4 Rc8 14.Rhe1
Qh5 15.g3 Bh6 16.f4 O-O 17.Kb1 Bg7 18.g4 Qc5 19.Nb3 Qb6 20.f5 Bc6 21.Nd4 Rfe8
22.h4 Bd7 23.Nb3 Bc6 24.g5 fxg5 25.Qxg5 Qd8 26.Qh5 { 1/2-1/2, Adorjan Andras
2550 - Csom Istvan 2540 , Budapest 1992 Ch Hungary } ) 10...Ne5 11.O-O h5 { N
} ( 11...a6 12.Kh1 e6 13.Ne3 h5 14.Be2 Qb4 15.Rab1 b5 16.f4 Ng6 17.f5 Ne5
18.fxe6 fxe6 19.Rxf6 Be7 20.Rff1 Bg5 21.a3 Qc5 22.Ncd1 Ng6 23.c4 Bc6 24.b4 Qe5
25.cxb5 Bxe4 26.Rc1 Ke7 27.Rxc8 Rxc8 28.bxa6 Nh4 29.Rf2 Rc2 30.Qe1 Nxg2
31.Rxg2 { ...1/2-1/2, Garcia Gildardo 2455 - Zapata Alonso 2454 , Barranquilla
1999 Cup Carnaval (open) } ) ( 11...Rg8 { !? } 12.Be2 Nc4 13.Bxc4 Rxc4 { } )
12.Kh1 { } ( 12.Rab1 { !? } 12...Qc5 13.Be2 e6 14.Nd4 { } ) 12...Be6 { } (
12...h4 { !? } 13.h3 e6 14.Ne3 Qc5 { } ) 13.Ne3 { } ( 13.Bb5+ { !? } 13...Nc6
14.Qd3 a6 15.Ba4 { } ) 13...Bh6 { } ( 13...Nxd3 { !? } 14.cxd3 Bh6 15.d4 Bd7 {
} ) 14.f4 Nc4 { ?! } ( 14...Nxd3 { !? } 15.Qxd3 h4 16.Ncd5 Qc5 { } ) 15.Nxc4
Bxc4 16.Bxc4 Rxc4 17.Qd3 Qc5 18.Rad1 Rg8 { ? } ( 18...h4 { !? } 19.Qh3 Bg7
20.Qg4 Bf8 { } ) 19.Nd5 Rxc2 { ?? } ( 19...Rg6 20.e5 f5 21.exd6 e6 { } )
20.Ne3 Rxb2 21.Rc1 Qb4 22.Rc8+ Kd7 23.Rxg8 Rd2 24.Qb3 Qxe4 25.Qc3 { } {#r} 1-0

[Event "It (open)"]
[Site "masterchessopen.com Porto San Giorgio (Italy)"]
[Round "8"]
[White "Calandri Fausto (ITA)"]
[Black "Esposito Luca (ITA)"]
[Result "0-1"]
[WhiteElo "2115"]
[BlackElo "2212"]

1.e4 c5 2.Nf3 d6 3.d4 cxd4 4.Nxd4 Nf6 5.Nc3 Nc6 6.Bg5 Bd7 7.Qd2 Rc8 8.O-O-O
Nxd4 9.Qxd4 Qa5 10.f4 h6 11.Bh4 g5 12.e5 gxh4 13.exf6 e6 14.Be2 Bc6 15.Rhe1
Bxg2 16.Bg4 Rg8 17.Bxe6 fxe6 18.Rxe6+ Kf7 19.Rde1 Qf5 20.Qa4 Bc6 21.Qc4 d5
22.Qd4 Rg2 23.Qd1 d4 24.Ne2 Bf3 25.Re5 Bxe2 26.R1xe2 Qxf4+ 27.Kb1 Rxe2 28.Qxe2
d3 29.Re7+ Bxe7 30.Qxe7+ Kg6 31.Qg7+ Kf5 32.Qd7+ Kxf6 {#R} 0-1

[Event "Ch Croatia"]
[Site "masterchessopen.com Rabac (Croatia)"]
[Round "6"]
[White "Muslija Idris (CRO)"]
[Black "Doric Nenad (CRO)"]
[Result "0-1"]
[WhiteElo "2204"]
[BlackElo "2369"]

1.e4 c5 2.Nf3 d6 3.d4 Nf6 4.Nc3 cxd4 5.Nxd4 Nc6 6.Bg5 Bd7 7.Qd2 Rc8 8.O-O-O
Nxd4 9.Qxd4 Qa5 10.Bxf6 gxf6 11.Kb1 Qc5 12.Qd2 f5 13.Bd3 Bg7 14.Nd5 h6 15.Rhe1
e6 16.Nf4 fxe4 17.Rxe4 O-O 18.c3 d5 19.Re3 d4 20.cxd4 Bxd4 21.Rg3+ Bg7 22.Qe2
Kh8 23.Nh5 Rg8 24.Qe4 f5 25.Qh4 Bb5 {#R} 0-1

[Event "Ch Ukraine"]
[Site "masterchessopen.com Simferopol (Ukraine)"]
[Round "6"]
[White "Bylino Oleg (UKR)"]
[Black "Papenin Nikolai (UKR)"]
[Result "1-0"]
[WhiteElo "2205"]
[BlackElo "2391"]

1.e4 c5 2.Nf3 d6 3.d4 cxd4 4.Nxd4 Nf6 5.Nc3 Nc6 6.Bg5 Bd7 7.Qd2 Rc8 8.f4 Nxd4
9.Qxd4 Qa5 10.e5 dxe5 11.fxe5 Bc6 12.b4 Qc7 13.exf6 exf6 14.Bf4 Qe7+ 15.Kf2
Rd8 16.Qc4 Qxb4 17.Re1+ Kd7 18.Qxf7+ Be7 19.Bc4 {#r} 1-0

[Event "Cup Russia (open)"]
[Site "masterchessopen.com St. Petersburg (Russia)"]
[Round "6"]
[White "Yagupov Igor (RUS)"]
[Black "Aseev Konstantin N (RUS)"]
[Result "1-0"]
[WhiteElo "2509"]
[BlackElo "2511"]

1.e4 c5 2.Nf3 Nc6 3.d4 cxd4 4.Nxd4 Nf6 5.Nc3 d6 6.Bg5 Bd7 7.Qd2 Nxd4 8.Qxd4
Qa5 9.f4 h6 10.Bxf6 gxf6 11.O-O-O Rc8 12.Kb1 Qc5 13.Qd3 e6 14.Be2 h5 15.h4 Rg8
16.f5 Rxg2 17.Bxh5 b5 18.Qh3 Qf2 19.Ne2 exf5 20.Rhf1 fxe4 21.Qb3 Rc4 22.Rxf2
Rxf2 23.Qe3 Rf5 24.Bg4 Re5 25.Bxd7+ Kxd7 26.Rd4 {#r} 1-0

[Event "It (open)"]
[Site "masterchessopen.com Portoroz (Slovenia)"]
[Date "2003.05.03"]
[Round "9"]
[White "Kavcic Zan (SLO)"]
[Black "Grasselli Luka (SLO)"]
[Result "0-1"]
[WhiteElo "2104"]
[BlackElo "1989"]

1.e4 c5 2.Nf3 Nc6 3.d4 cxd4 4.Nxd4 Nf6 5.Nc3 d6 6.Bg5 Bd7 7.Qd2 Rc8 8.O-O-O
Nxd4 9.Qxd4 Qa5 10.Bxf6 gxf6 11.Kb1 Rg8 12.f4 Qc5 13.Qd2 Bc6 14.g3 f5 15.Bh3
Bg7 16.Bxf5 e6 17.Bh3 Bxc3 18.bxc3 Bxe4 19.Rhe1 d5 20.f5 Qxc3 21.Qxc3 Rxc3
22.fxe6 f6 23.Bf1 Ke7 24.Bd3 f5 25.Bxe4 dxe4 26.Rd7+ Kxe6 27.Rxh7 Rgc8 28.Re2
R8c7 29.Rh6+ Ke5 30.Rh5 Rg7 31.Kb2 Rf3 32.Rh8 Re7 33.Rf8 e3 {#R} 0-1

[Event "It (open)"]
[Site "masterchessopen.com Bratto (Italy)"]
[Date "2003.08.23"]
[Round "3"]
[White "Rosin Federico (ITA)"]
[Black "Mantovani Renzo (ITA)"]
[Result "0-1"]
[WhiteElo "2132"]
[BlackElo "2375"]

1.e4 c5 2.Nf3 d6 3.d4 cxd4 4.Nxd4 Nf6 5.Nc3 Nc6 6.Bg5 Bd7 7.Qd2 Rc8 8.Be2 a6
9.O-O e6 10.Kh1 h6 11.Be3 b5 12.a3 Ne5 13.f4 Nc4 14.Bxc4 Rxc4 15.Rae1 Qc7
16.Bg1 Bc6 17.Nd5 Qb7 18.Nxf6+ gxf6 19.b3 Rc5 20.Nxc6 Rxc6 21.c4 bxc4 22.bxc4
Rxc4 23.Rb1 Qxe4 24.Rb8+ Ke7 25.Rfb1 Rc7 26.Qa5 Rd7 27.Qxa6 f5 28.Rc1 Rg8
29.Qf1 Rg4 30.Rb4 Qa8 31.h3 Rg3 32.Qe1 Qxg2# 0-1

[Event "Extra League 2003/04"]
[Site "masterchessopen.com Czech Republic"]
[Date "2003.11.08"]
[Round "1"]
[White "Simacek Pavel (CZE)"]
[Black "Neuman Petr (CZE)"]
[Result "1-0"]
[WhiteElo "2424"]
[BlackElo "2433"]

1.e4 c5 2.Nf3 d6 3.d4 cxd4 4.Nxd4 Nf6 5.Nc3 Nc6 6.Bg5 Bd7 7.Qd2 Rc8 8.Nb3 a6
9.f4 h6 10.Bxf6 gxf6 11.Bd3 b5 12.a4 b4 13.Nd5 a5 14.Ba6 Rb8 15.Bb5 Bg7 16.O-O
O-O 17.f5 Ne5 18.Nd4 Bc8 19.Rae1 Bb7 20.Re3 Kh7 21.Rf4 Rc8 22.Rh4 Rh8 23.Rg3
Rc5 24.Nf4 Bf8 25.Nfe6 fxe6 26.Nxe6 Qc8 27.Qxh6+ {#r} 1-0

[Event "It (open) \"]
[Site "masterchessopen.com Moscow (Russia)"]
[Date "2004.02.22"]
[Round "6"]
[White "Shanava Konstantine (GEO)"]
[Black "Matnadze Ana (GEO)"]
[Result "1-0"]
[WhiteElo "2456"]
[BlackElo "2338"]

1.e4 c5 2.Nf3 d6 3.d4 cxd4 4.Nxd4 Nf6 5.Nc3 Nc6 6.Bg5 Bd7 7.Qd2 Rc8 8.O-O-O
Nxd4 9.Qxd4 Qa5 10.Bd2 e5 11.Qd3 Ng4 12.Be1 Qc5 13.Rd2 Nf6 14.f3 a6 15.Bh4 Be6
16.Bxf6 gxf6 17.Kb1 h5 18.Nd5 Bh6 19.Rd1 Bxd5 20.exd5 Ke7 21.g3 Qe3 22.Qf5 Qg5
23.Qh3 Rc5 24.Bd3 Rxd5 25.Qg2 Rb8 26.f4 exf4 27.h4 f3 28.Qxf3 Rxd3 29.Qxd3 Qc5
30.Qh7 Be3 31.Rhe1 Re8 32.Rd3 Kd8 33.Qxf7 Qb4 34.Qxf6+ Kd7 35.Qf5+ Kd8 36.c3
Qb6 37.Rdxe3 {#r} 1-0

[Event "It (open)"]
[Site "masterchessopen.com Reykjavik (Iceland)"]
[Date "2004.03.16"]
[Round "9"]
[White "Votava Jan (CZE)"]
[Black "Kjartansson David (ISL)"]
[Result "1-0"]
[WhiteElo "2505"]
[BlackElo "2279"]

1.e4 c5 2.Nf3 d6 3.d4 cxd4 4.Nxd4 Nf6 5.Nc3 Nc6 6.Bg5 Bd7 7.Qd2 Rc8 8.O-O-O a6
9.Kb1 Nxd4 10.Qxd4 Qa5 11.Bd2 Qc5 12.Qxc5 Rxc5 13.f3 h6 14.Be3 Rc8 15.Be2 e5
16.g4 Be6 17.h4 Be7 18.a4 O-O 19.Rhg1 Kh7 20.f4 Bc4 21.Bf3 Nd7 22.f5 Rfd8
23.g5 Bf8 24.Bd2 d5 25.exd5 Bc5 26.Rg2 Nb6 27.gxh6 Nxd5 28.Rxg7+ Kh8 29.Bxd5
Bxd5 30.Bg5 {#r} 1-0

[Event "Ch Russia (juniors) (under 18) (g)"]
[Site "masterchessopen.com Dagomys (Russia)"]
[Round "0"]
[White "Kineva Ekaterina (RUS)"]
[Black "Pakhomova Ekaterina (RUS)"]
[Result "1-0"]
[WhiteElo "2139"]
[BlackElo "2138"]

1.e4 c5 2.Nf3 d6 3.d4 cxd4 4.Nxd4 Nf6 5.Nc3 Nc6 6.Bg5 Bd7 7.Qd2 Rc8 8.f4 Nxd4
9.Qxd4 Qa5 10.Bxf6 gxf6 11.Be2 Qc5 12.Qxc5 Rxc5 13.O-O b5 14.Bd3 f5 15.exf5
Bg7 16.Ne4 Rxf5 17.c3 Rd5 18.Rf3 Bf5 19.Re1 Kd7 20.Bf1 Rc8 21.Ng3 b4 22.Nxf5
Rxf5 23.cxb4 Bd4+ 24.Kh1 Bxb2 25.Bd3 Rd5 26.Bxh7 Bc3 27.Rb1 Bxb4 28.Bd3 a5
29.h4 Rh5 30.Rh3 Bc3 {#r} 1-0

[Event "Ch Asia (juniors) (under 18)"]
[Site "masterchessopen.com Teheran (Iran)"]
[Date "2004.04.06"]
[Round "5"]
[White "Filippov Anton (UZB)"]
[Black "Nikhilesh Kumar K (IND)"]
[Result "1-0"]
[WhiteElo "2475"]
[BlackElo "2240"]

1.e4 c5 2.Nf3 Nc6 3.d4 cxd4 4.Nxd4 Nf6 5.Nc3 d6 6.Bg5 Bd7 7.Qd2 Rc8 8.f3 a6
9.Nxc6 Bxc6 10.O-O-O Qa5 11.Kb1 Nd7 12.Bc4 e6 13.Rhe1 Ne5 14.Bb3 b5 15.Bh4 Bb7
16.Bg3 Qc7 17.Qd4 Nc6 18.Qd2 Ne5 19.f4 Nc4 20.Qd3 Be7 21.f5 O-O 22.Bf2 Bf6
23.Bd4 Bxd4 24.Qxd4 Rfd8 25.f6 Qc5 26.fxg7 Qxd4 27.Rxd4 Kxg7 28.Red1 Kf6 29.a4
Ne3 30.R1d3 Nxg2 31.axb5 axb5 32.Rd2 Nf4 33.Nxb5 d5 34.exd5 e5 35.Ra4 Nxd5
36.Ra7 Bc6 37.Rf2+ Kg6 38.c4 {#r} 1-0

[Event "Memorial J.Capablanca (a) (cat.13)"]
[Site "masterchessopen.com Habana (Cuba)"]
[Date "2004.05.07"]
[Round "2"]
[White "Gonzalez Yuri (CUB)"]
[Black "Morovic Fernandez Ivan (CRO)"]
[Result "1-0"]
[WhiteElo "2512"]
[BlackElo "2564"]

{ } 1.e4 { 1 } 1...c5 2.Nf3 d6 3.d4 cxd4 4.Nxd4 Nf6 5.Nc3 Nc6 6.Bg5 Bd7 7.Qd2
Nxd4 8.Qxd4 Qa5 9.f4 h6 ( 9...Rc8 10.Bxf6 gxf6 11.O-O-O Rg8 12.Kb1 Qc5 13.Qd2
e6 14.Bd3 b5 15.g3 b4 16.Ne2 a5 17.f5 e5 18.c3 Bc6 19.Rc1 Qb6 20.cxb4 axb4
21.Rc4 Rb8 22.Rhc1 Bd7 23.Ng1 h5 24.Be2 Rh8 25.Rd1 Ke7 26.Qd5 h4 27.g4 Bh6
28.Nf3 Be3 29.g5 { ...1/2-1/2, Bauer Christian 2599 - Hartereau Philippe 2190
, Montpellier 1991 Ch France (accession) } ) ( 9...e5 10.Qd3 Be7 11.O-O-O Bc6
12.Kb1 exf4 13.Bxf4 O-O 14.Be2 Rfe8 15.Bf3 Bf8 16.Nd5 Nd7 17.Qd2 Qxd2 18.Rxd2
Rac8 19.Rhd1 Ne5 20.b3 { 1/2-1/2, Liberzon Vladimir M 2410 - Stein Leonid Z
2620 , Moscow 1969 Ch URS } ) 10.Bxf6 gxf6 11.O-O-O ( 11.Bc4 Rc8 12.Bb3 Qc5
13.Qd3 e6 14.O-O-O b5 15.e5 f5 16.g4 b4 17.Na4 Qa5 18.gxf5 Bxa4 19.exd6 Kd7
20.fxe6+ fxe6 21.Bxe6+ Kxe6 22.d7 Rxc2+ 23.Kb1 Rxb2+ 24.Kxb2 Bg7+ 25.Kb1 Bxd1
26.Re1+ Kf6 27.Qd6+ Kf5 28.Qe6+ Kxf4 29.Qe4+ Kg5 30.Rg1+ Kh5 { ...1-0, Manik
Mikulas 2465 - Balinov Ilija 2560 , Olomouc 1997 It (cat.10) } ) 11...Rc8
12.Kb1 ( 12.f5 h5 13.Kb1 h4 14.Qf2 Qb4 15.Rd3 Qc5 16.Qe1 a6 17.Rh3 a5 18.Bd3
b5 19.Nd5 b4 20.Rxh4 Rxh4 21.Qxh4 Bc6 22.Ba6 Bb7 23.Bd3 a4 24.Qe1 Bxd5 25.exd5
a3 26.Qe4 axb2 27.Re1 Rc7 28.Qh4 Qc3 29.Bb5+ Kd8 30.Re2 Rc8 31.Bc6 Rb8 {
...1-0, Psakhis Lev 2535 - Kuzmin Gennadi P 2530 , Vilnius 1980 Ch URS } ) (
12.Qd5 Qxd5 13.exd5 a6 { } ) 12...Qc5 ( 12...Rg8 13.g3 { } ) 13.Qd3 { = } (
13.Qd2 e6 14.Bd3 ( 14.Be2 Be7 15.Qd3 { } ) 14...b5 15.f5 Be7 16.Ne2 b4 17.Nf4
Rg8 18.Rhf1 a5 19.Nh5 e5 20.Qxh6 a4 21.Ng3 a3 22.b3 Bf8 23.Qd2 Qd4 24.c4 bxc3
25.Qc2 Qb4 26.Rf3 Bh6 27.Nf1 Bc6 28.Ne3 Qc5 29.Nc4 d5 30.exd5 Bxd5 31.Rg3 Rxg3
32.hxg3 Bxc4 { ...1/2-1/2, Tiviakov Sergei 2655 - Vera Reynaldo 2530 ,
Castellaneta 1998 It (open) } ) 13...f5 ( 13...e6 14.e5 fxe5 15.Ne4 Qa5
16.Nxd6+ Bxd6 17.Qxd6 Qc7 18.Qxc7 Rxc7 19.fxe5 Rc5 20.Re1 Rg8 21.h4 { 1/2-1/2,
Fressinet Laurent 2588 - Miroshnichenko Evgenij 2545 , Paris 2001 Ch Paris
(open) } ) ( 13...Rg8 14.Nd5 h5 { } ) 14.e5 ( 14.exf5 Bxf5 15.Qf3 Bg7 16.Rd5
Qb4 17.Rb5 Rxc3 18.Rxb4 Rxf3 19.gxf3 b6 20.Bb5+ Kd8 21.Ra4 a5 22.Rc4 Be6
23.Re4 Bf6 24.Ree1 Bd5 { 1/2-1/2, Kostyra Stanislaw 2370 - Pietrusiak Bogdan
2245 , Rostock 1981 It } ) 14...Bg7 { N } ( 14...e6 15.Nb5 { 1/2-1/2, Gipslis
Aivars 2429 - Stein Leonid Z 2620 , Riga 1970 Ch URS } ( 15.Be2 d5 16.g4 fxg4
17.Ne4 Qb4 18.Nf6+ Kd8 19.Nxd5 exd5 20.Qxd5 Rc7 21.Bxg4 Qc5 22.Qxf7 Qxc2+
23.Ka1 Be7 24.Qd5 Qa4 25.Rd4 Qc2 26.Rb1 Ba3 27.Rdd1 Ke7 28.Bxd7 Rd8 29.Qe6+ {
1-0, Brustman Agnieszka 2380 - Lendwai Reinhard 2375 , Aschach 1997 It (open)
} ) ) 15.Be2 h5 { ?! } ( 15...O-O { !? } 16.exd6 e6 17.Qg3 Rc6 { } ) 16.Bf3 b5
17.Rhe1 { ?! } ( 17.exd6 { !? } 17...e6 18.Ne2 a5 19.Ng3 { } ) 17...h4 { ? } (
{ ? } 17...b4 18.Nd5 Ba4 19.b3 Bb5 { } ) 18.exd6 e6 19.Nd5 Kf8 20.Nc7 Qb4
21.Qb3 Qxf4 22.Qa3 Kg8 23.Qc5 h3 24.Bb7 Rd8 25.g3 Qc4 26.Qe3 Bf6 { ?! } (
26...Rh6 { !? } 27.Na6 b4 28.Rd3 Rg6 { } ) 27.g4 fxg4 { ?! } ( 27...f4 { !? }
28.Qf3 Bg7 29.g5 Rh4 { } ) 28.Rf1 Bg7 29.Qg5 Rf8 30.Qe7 Qb4 31.c3 Bxc3 32.Rf2
Bd4 33.Rfd2 Be3 34.Rd3 Bh6 35.Rd4 { } {#r} 1-0

[Event "It (cat.7)"]
[Site "masterchessopen.com Budapest (Hungary)"]
[Date "2004.06.07"]
[Round "3"]
[White "Seres Lajos (HUN)"]
[Black "Paschall William M (USA)"]
[Result "1-0"]
[WhiteElo "2443"]
[BlackElo "2394"]

1.e4 c5 2.Nf3 Nc6 3.d4 cxd4 4.Nxd4 Nf6 5.Nc3 d6 6.Bg5 Bd7 7.Qd2 Rc8 8.f4 Nxd4
9.Qxd4 Qa5 10.e5 dxe5 11.fxe5 e6 12.O-O-O Bc6 13.Nb5 Bxb5 14.exf6 g6 15.Qe5
Bc5 16.Bd2 Qa4 17.Bxb5+ Qxb5 18.b4 O-O 19.bxc5 Rxc5 20.Qb2 Qe2 21.Bb4 Qe3+
22.Rd2 Rb5 23.a4 {#r} 1-0

[Event "It (open)"]
[Site "masterchessopen.com Voronezh (Russia)"]
[Date "2004.06.12"]
[Round "1"]
[White "Kuznetsov Viktor (RUS)"]
[Black "Baranov Grigory (RUS)"]
[Result "0-1"]
[WhiteElo "2416"]
[BlackElo "2322"]

1.e4 c5 2.Nf3 Nc6 3.d4 cxd4 4.Nxd4 Nf6 5.Nc3 d6 6.Bg5 Bd7 7.Qd2 a6 8.O-O-O b5
9.f3 h6 10.Be3 e5 11.Nf5 Bxf5 12.exf5 Be7 13.g4 Rc8 14.h4 Na5 15.Be2 b4 16.Nd5
b3 17.Nxf6+ gxf6 18.c3 bxa2 19.Kc2 d5 20.Bxa6 d4 21.Bb5+ Kf8 22.Bxh6+ Kg8
23.g5 Qd5 24.Ba6 Qb3+ 25.Kd3 dxc3 26.Qg2 cxb2+ 27.Ke2 Rc2+ 28.Rd2 Rxd2+
29.Kxd2 Bb4+ {#R} 0-1

[Event "Ch Greece (team)"]
[Site "masterchessopen.com Aghia Pelagia (Greece)"]
[Date "2004.07.04"]
[Round "1"]
[White "Iskos Alexandros (GRE)"]
[Black "Nikolopoulos Georgios (GRE)"]
[Result "0-1"]
[WhiteElo "2019"]
[BlackElo "2067"]

1.e4 c5 2.Nf3 Nc6 3.d4 cxd4 4.Nxd4 Nf6 5.Nc3 d6 6.Bg5 Bd7 7.Qd2 Rc8 8.O-O-O
Nxd4 9.Qxd4 Qa5 10.Be3 b6 11.f3 g6 12.Bc4 Bg7 13.Nd5 Be6 14.Qd3 Bxd5 15.exd5
O-O 16.a3 Nd7 17.b4 Qa4 18.Bb5 Rxc2+ 19.Qxc2 Qxa3+ 20.Kd2 Qxb4+ 21.Ke2 Qxb5+
22.Kf2 Nc5 23.Rhe1 Re8 24.Bxc5 Qxc5+ 25.Qxc5 dxc5 26.d6 e6 27.Re2 Rd8 28.Red2
Rd7 29.Ke3 Kf8 30.Ra2 a5 31.Ra3 Bd4+ 32.Rxd4 cxd4+ 33.Kxd4 Rxd6+ 34.Ke5 Ke7
35.Rc3 Rd5+ 36.Ke4 a4 37.Rc7+ Kd6 38.Rc3 b5 {#R} 0-1

[Event "It (open)"]
[Site "masterchessopen.com Vladimir (Russia)"]
[Date "2004.08.20"]
[Round "3"]
[White "Fazulyanov Sergey (RUS)"]
[Black "Ivanova Anna (RUS)"]
[Result "1-0"]
[WhiteElo "2229"]
[BlackElo "2046"]

1.e4 c5 2.Nf3 d6 3.d4 cxd4 4.Nxd4 Nf6 5.Nc3 Nc6 6.Bg5 Bd7 7.Qd2 Qa5 8.Nb3 Qd8
9.O-O-O a5 10.a4 Rc8 11.f4 Nb4 12.Kb1 Bc6 13.Qe3 Qc7 14.Nb5 Qb8 15.Bxf6 gxf6
16.c3 Na6 17.Bd3 Rg8 18.Rd2 Bh6 19.g3 Nc5 20.Nxa5 Qa8 21.Nc4 Nxd3 22.Nb6 Qb8
23.Qxd3 f5 24.Re1 Bxe4 25.Rxe4 fxe4 26.Qxe4 Rc6 27.Nxd6+ Kd8 28.Ndc8+ Ke8 {#r}
1-0

[Event "It (a)"]
[Site "masterchessopen.com Serpukhov (Russia)"]
[Date "2004.08.28"]
[Round "3"]
[White "Sitnikov Anton (UKR)"]
[Black "Doukhine Iokhan (RUS)"]
[Result "1-0"]
[WhiteElo "2406"]
[BlackElo "2394"]

1.e4 c5 2.Nf3 d6 3.d4 cxd4 4.Nxd4 Nf6 5.Nc3 Nc6 6.Bg5 Bd7 7.Qd2 Rc8 8.O-O-O
Nxd4 9.Qxd4 Qa5 10.h4 e6 11.f3 Be7 12.Kb1 a6 13.Qd2 Bc6 14.Bf4 Rd8 15.g4 b5
16.Qh2 b4 17.Ne2 e5 18.Be3 O-O 19.Ng3 d5 20.Nf5 Bc5 21.Qxe5 Rfe8 22.Qf4 dxe4
23.Bc4 Bxe3 24.Qxe3 h6 25.Nxh6+ gxh6 26.Qxh6 Bd5 27.Qg5+ Kf8 28.fxe4 Rxe4
29.Qxf6 Rxc4 30.Rhe1 Rxg4 31.b3 Kg8 32.Re5 Rg6 33.Qe7 Rg2 34.h5 Rxc2 35.Qg5+
Kh8 36.Qh6+ {#r} 1-0

[Event "It (a)"]
[Site "masterchessopen.com Serpukhov (Russia)"]
[Date "2004.09.01"]
[Round "9"]
[White "Krivoborodov Egor (RUS)"]
[Black "Doukhine Iokhan (RUS)"]
[Result "1-0"]
[WhiteElo "2355"]
[BlackElo "2394"]

1.e4 c5 2.Nf3 d6 3.d4 cxd4 4.Nxd4 Nf6 5.Nc3 Nc6 6.Bg5 Bd7 7.Qd2 Rc8 8.O-O-O
Nxd4 9.Qxd4 Qa5 10.Be3 a6 11.f3 e6 12.Kb1 b5 13.g4 Bc6 14.a3 Rb8 15.Na2 Nd7
16.h4 Qc7 17.Be2 a5 18.g5 Nc5 19.h5 Rg8 20.g6 hxg6 21.hxg6 f6 22.Qd2 Nd7
23.Bd4 Be7 24.Bc3 Ra8 25.Nc1 b4 26.axb4 axb4 27.Bxb4 Qa7 28.c3 d5 29.exd5 Bxd5
30.Bxe7 Kxe7 31.c4 Rgb8 32.Qc3 Qa1+ 33.Kc2 Bc6 34.Nb3 Qa7 35.Rh7 Kf8 36.Qd4
Qc7 37.Nc5 Nxc5 38.Rh8+ {#r} 1-0

[Event "It \"]
[Site "masterchessopen.com Paington (England)"]
[Date "2004.09.05"]
[Round "2"]
[White "Spice Alan (WLS)"]
[Black "Rety John (ENG)"]
[Result "1-0"]
[WhiteElo "2184"]
[BlackElo "2001"]

1.Nc3 c5 2.Nf3 Nc6 3.d4 cxd4 4.Nxd4 Nf6 5.e4 d6 6.Bg5 Bd7 7.Qd2 Qb6 8.Bxf6
gxf6 9.Ndb5 Rc8 10.Nd5 Qd8 11.f4 a6 12.Nbc3 e6 13.Ne3 Qc7 14.Bd3 h5 15.O-O Qb6
16.Kh1 h4 17.Nc4 Qd4 18.Ne2 Qa7 19.a4 h3 20.g3 Ne7 21.Nxd6+ Kd8 22.Nxf7+ Ke8
23.Nxh8 f5 24.Nc3 Bg7 25.Qe2 Bc6 26.Qh5+ Kd7 27.Nf7 Qd4 28.Bb5 Qc5 29.Bxc6+
Nxc6 30.e5 Ke7 31.Nd6 Nxe5 32.Nxc8+ Qxc8 33.fxe5 {#r} 1-0

[Event "Ch Russia"]
[Site "masterchessopen.com Moscow (Russia)"]
[Date "2004.11.27"]
[Round "11"]
[White "Svidler Peter (RUS)"]
[Black "Dreev Alexey (RUS)"]
[Result "1-0"]
[WhiteElo "2735"]
[BlackElo "2698"]

1.e4 { } 1...c5 { } 2.Nf3 { } 2...d6 { } 3.d4 { } 3...Nf6 { } 4.Nc3 { }
4...cxd4 { } 5.Nxd4 { } 5...Nc6 { } 6.Bg5 { } 6...Bd7 { } 7.Qd2 { } 7...Rc8 {
} 8.Nxc6 { } 8...Bxc6 { } 9.f3 { } 9...a6 { } 10.O-O-O { } 10...e6 { } 11.Ne2
{ } 11...Be7 { } 12.h4 { } 12...Bb5 { !?N } ( 12...h6 13.Be3 d5 14.e5 Nd7
15.f4 Nc5 16.Qe1 Ba4 17.Nd4 Qc7 18.Kb1 Ne4 19.Rc1 O-O 20.Bd3 Bc5 21.g4 { ?
Tringov Georgi P (BUL) 2460 - Malich Burkhard Dr (GER) 2361, DDR 1982 } )
13.Nd4 { } 13...Bxf1 { } 14.Rhxf1 { } 14...h6 { } 15.Be3 { } 15...Nd7 { }
16.h5 { } 16...Ne5 { } 17.b3 { } 17...d5 { } 18.exd5 { } 18...Qxd5 { } 19.Kb1
{ } 19...b5 { } 20.g4 { } 20...Nc6 { } 21.Qc1 { DA } 21...O-O { ? } ( 21...Bf6
22.Nf5 Qe5 23.Nd6+ Ke7 24.Nxc8+ Rxc8 25.c3 { ? } ) ( 21...Nxd4 { ! ? } 22.Bxd4
e5 23.Bb2 Qc6 { !? } 24.Bxe5 O-O 25.f4 a5 { ? } ) 22.Nf5 { } 22...Qe5 { }
23.Bf4 { } 23...Qc3 { } 24.Rd3 { } 24...Qa5 { } 25.Nxe7+ { } 25...Nxe7 { }
26.g5 { ± } 26...Nd5 { } ( 26...hxg5 27.Bxg5 Rfd8 { !? } 28.Rxd8+ Qxd8 29.Rg1
Kh7 30.h6 f6 31.Bh4 g5 32.Bxg5 { ! } 32...fxg5 33.Qxg5 Nf5 34.Qg6+ Kh8 35.Qxe6
{ ± } ) 27.Bd2 { } 27...Nc3+ { } 28.Rxc3 { } 28...Rxc3 { } 29.gxh6 { } 29...b4
{ } 30.hxg7 { } 30...Rd8 { } 31.Bxc3 { } 31...bxc3 { } 32.h6 { } 32...Qe5 { }
33.Rd1 { } 33...Rxd1 { } 34.Qxd1 { } 34...Qf6 { } 35.Qh1 { } 35...Kh7 { }
36.Qg1 { } 36...Qd8 { } 37.g8=Q+ {#r} 1-0

[Event "It (open)"]
[Site "masterchessopen.com Nice (France)"]
[Date "2004.12.26"]
[Round "1"]
[White "Bujisho Benjamin (FRA)"]
[Black "Bailet Pierre (FRA)"]
[Result "1-0"]
[WhiteElo "2385"]
[BlackElo "2429"]

1.e4 c5 2.Nf3 Nc6 3.Nc3 d6 4.d4 cxd4 5.Nxd4 Nf6 6.Bg5 Bd7 7.Qd2 Rc8 8.f3 Nxd4
9.Qxd4 Qa5 10.Qd2 e6 11.O-O-O Be7 12.Be3 b5 13.Kb1 b4 14.Ne2 Bc6 15.Nd4 Bb7
16.Bb5+ Kf8 17.Bd3 d5 18.e5 Nd7 19.f4 Ba6 20.Rhf1 Bc4 21.Nb3 Qc7 22.Bxc4 Qxc4
23.Bd4 f5 24.exf6 Bxf6 25.Rfe1 Kf7 26.Re2 Rhe8 27.Rde1 Qc7 28.Bxf6 Nxf6
29.Qxb4 Qc4 30.Qxc4 Rxc4 31.g3 Ne4 32.Nd2 Nxd2+ 33.Rxd2 Rb8 34.Re3 Kf6 35.c3
Rb5 36.b3 Rc6 37.Rd4 g5 38.Kb2 gxf4 39.Rxf4+ Ke7 40.Rh4 {#r} 1-0